[Event "RSA-ch U20"]
[Site "Kapstadt"]
[Date "2022.07.13"]
[Round "6"]
[White "Mnyasta, Tezihano"]
[Black "Macheka, Clayton"]
[Result "1-0"]
[WhiteElo "1627"]
[BlackElo "1618"]
[PlyCount "147"]
[EventDate "2022.07.11"]
[EventType "swiss"]
[EventRounds "6"]
[EventCountry "RSA"]
[SourceTitle "EXT 2023"]
[Source "ChessBase"]
[SourceDate "2022.10.05"]
[SourceVersion "1"]
[SourceVersionDate "2022.10.05"]
[SourceQuality "1"]

1. d4 d5 2. c4 c6 3. Nc3 Nf6 4. cxd5 cxd5 5. Bg5 Ne4 6. Nxe4 dxe4 7. Qd2 Bf5 8. e3 Qd5 9. Ne2 Bg6 10. Bf4 e6 11. Nc3 Qa5 12. a3 a6 13. Nxe4 Qb6 14. Bd3 Be7 15. 0-0 0-0 16. Rac1 Nc6 17. Rc3 Rad8 18. Qc2 Rd7 19. Rc1 Rfd8 20. Nd2 Bxd3 21. Rxd3 Qb5 22. Nf3 Bf6 23. Rc3 Qb6 24. h3 h6 25. Rb3 Qa5 26. Qc5 Qxc5 27. Rxc5 Kf8 28. Rbc3 Rd5 29. R5c4 e5 30. dxe5 Nxe5 31. Bxe5 Bxe5 32. Nxe5 Rxe5 33. Rc7 Rb5 34. Rc8 Rxc8 35. Rxc8+ Ke7 36. b4 a5 37. bxa5 Rxa5 38. Rc7+ Kf6 39. Rxb7 Rxa3 40. g4 Ra2 41. Kg2 g6 42. h4 Ra4 43. Kg3 Ra1 44. g5+ hxg5 45. hxg5+ Kxg5 46. Rxf7 Rg1+ 47. Kf3 Kh6 48. e4 Re1 49. Kf4 Re2 50. f3 Ra2 51. Rd7 Ra5 52. Rd5 Ra3 53. e5 Ra4+ 54. Ke3 Kg5 55. Rd4 Ra1 56. Re4 Ra3+ 57. Kd4 Rxf3 58. e6 Rf8 59. Ke5 Re8 60. Re1 Kh4 61. Rh1+ Kg4 62. Rg1+ Kh5 63. Kf6 Rf8+ 64. Kg7 Re8 65. Kf7 Ra8 66. Rxg6 Ra7+ 67. Kf6 Ra6 68. Rg1 Ra2 69. e7 Rf2+ 70. Ke6 Re2+ 71. Kf7 Rf2+ 72. Ke8 Re2 73. Rf1 Kg6 74. Kf8 1-0